[Event "ITA-ch U16"]
[Site "Salsomaggiore Terme"]
[Date "2019.07.14"]
[Round "9"]
[White "Ghiotto, Marco Luigi"]
[Black "Beretta, Giulio"]
[Result "0-1"]
[WhiteElo "2037"]
[BlackElo "2055"]
[PlyCount "64"]
[EventDate "2019.07.07"]
[EventType "swiss"]
[EventRounds "9"]
[EventCountry "ITA"]
[SourceTitle "EXT 2020"]
[Source "ChessBase"]
[SourceDate "2019.10.17"]
[SourceVersion "1"]
[SourceVersionDate "2019.10.17"]
[SourceQuality "1"]

1. d4 d5 2. c4 e6 3. Nf3 Nf6 4. g3 Be7 5. Bg2 0-0 6. 0-0 dxc4 7. Qc2 a6 8. Qxc4 b5 9. Qc2 Bb7 10. Bd2 Ra7 11. Rc1 Be4 12. Qb3 Bd5 13. Qc2 Be4 14. Qb3 Bd5 15. Qc2 Nbd7 16. Ba5 Qa8 17. Nbd2 c5 18. dxc5 Bxc5 19. Nb3 Bb6 20. Bxb6 Nxb6 21. Ne1 Rc8 22. Bxd5 Nfxd5 23. Qe4 Nc4 24. Nd3 Rac7 25. Nd4 Qb7 26. Nf3 Qb6 27. Nfe5 f5 28. Qh4 Nxe5 29. Rxc7 Qxc7 30. Rc1 Nc6 31. e4 Nf6 32. Nb4 Qb7 0-1

[Event "ITA-ch U16"]
[Site "Salsomaggiore Terme"]
[Date "2019.07.11"]
[Round "6"]
[White "Beretta, Giulio"]
[Black "Pennica, Andrea"]
[Result "0-1"]
[WhiteElo "2055"]
[BlackElo "1892"]
[PlyCount "50"]
[EventDate "2019.07.07"]
[EventType "swiss"]
[EventRounds "9"]
[EventCountry "ITA"]
[SourceTitle "EXT 2020"]
[Source "ChessBase"]
[SourceDate "2019.10.17"]
[SourceVersion "1"]
[SourceVersionDate "2019.10.17"]
[SourceQuality "1"]

1. e4 e6 2. d4 d5 3. Nc3 Nf6 4. e5 Nfd7 5. f4 c5 6. Nce2 Nc6 7. c3 Qb6 8. g3 cxd4 9. cxd4 Bb4+ 10. Kf2 f6 11. Kg2 fxe5 12. fxe5 0-0 13. Nf3 Be7 14. Nf4 g5 15. Nxe6 g4 16. Nfg5 Ndxe5 17. Nxf8 Bxg5 18. Bxg5 Bf5 19. Ne6 Be4+ 20. Kg1 Nf3+ 21. Kf2 Re8 22. Nc5 Qxb2+ 23. Be2 Nxg5 24. Re1 Nh3+ 25. Kf1 Rf8+ 0-1